[Event "Titled Tuesday intern op 11th Apr Early"]
[Site "Chess.com INT"]
[Date "2023.04.11"]
[Round "6"]
[White "Balint, Vilmos"]
[Black "Sohier, Julien"]
[Result "0-1"]
[WhiteElo "2161"]
[BlackElo "2214"]
[PlyCount "60"]
[EventDate "2023.04.11"]
[EventType "swiss (blitz)"]
[EventRounds "11"]
[EventCountry "USA"]
[SourceTitle "CBM 213 Extra"]
[Source "ChessBase"]
[SourceDate "2023.05.31"]
[SourceVersion "1"]
[SourceVersionDate "2023.05.31"]
[SourceQuality "1"]

1. e3 e5 2. d4 exd4 3. exd4 d5 4. Nf3 Nf6 5. Bd3 Bd6 6. 0-0 0-0 7. Re1 h6 8. h3 c6 9. c3 Re8 10. Be3 Nbd7 11. Nbd2 Nf8 12. Rc1 Ne6 13. Bb1 Nf4 14. Bxf4 Bxf4 15. Qc2 g6 16. Rxe8+ Qxe8 17. Re1 Qd8 18. Ne5 Bf5 19. Qc1 Bxb1 20. Qxb1 Bxd2 21. Re2 Bg5 22. Nxg6 Ne4 23. Ne5 Qf6 24. f3 Ng3 25. Re1 Re8 26. Ng4 Rxe1+ 27. Qxe1 Qf4 28. Qe8+ Kg7 29. Qd7 h5 30. Ne5 h4 0-1

[Event "Titled Tuesday intern op 28th Feb Early"]
[Site "Chess.com INT"]
[Date "2023.02.28"]
[Round "3"]
[White "Sohier, Julien"]
[Black "Grot, Blazej"]
[Result "0-1"]
[WhiteElo "2204"]
[BlackElo "1862"]
[PlyCount "38"]
[EventDate "2023.02.28"]
[EventType "swiss (blitz)"]
[EventRounds "11"]
[EventCountry "USA"]
[SourceTitle "CBM 213 Extra"]
[Source "ChessBase"]
[SourceDate "2023.05.31"]
[SourceVersion "1"]
[SourceVersionDate "2023.05.31"]
[SourceQuality "1"]

1. e4 c5 2. Nc3 e6 3. Nf3 Nc6 4. Bb5 Nge7 5. 0-0 a6 6. Bxc6 Nxc6 7. Re1 d6 8. d4 cxd4 9. Nd5 exd5 10. exd5+ Ne5 11. Nxd4 Be7 12. f4 Ng6 13. f5 Ne5 14. Bf4 Bf6 15. Qh5 0-0 16. Re3 g6 17. fxg6 fxg6 18. Rg3 Bg7 19. Qe2 Rxf4 0-1

[Event "Titled Tuesday intern op 31st Jan Late"]
[Site "Chess.com INT"]
[Date "2023.01.31"]
[Round "10"]
[White "Sohier, Julien"]
[Black "Player, Edmund C"]
[Result "1-0"]
[WhiteElo "2208"]
[BlackElo "2180"]
[PlyCount "77"]
[EventDate "2023.01.31"]
[EventType "swiss (blitz)"]
[EventRounds "11"]
[EventCountry "USA"]
[SourceTitle "CBM 212 Extra"]
[Source "ChessBase"]
[SourceDate "2023.03.31"]
[SourceVersion "1"]
[SourceVersionDate "2023.03.31"]
[SourceQuality "1"]

1. e4 e6 2. d4 d5 3. e5 c5 4. c3 Nc6 5. Nf3 Qb6 6. Bd3 cxd4 7. 0-0 Bd7 8. Re1 Nge7 9. h4 a6 10. Nbd2 Ng6 11. Nb3 Be7 12. g3 dxc3 13. bxc3 Nf8 14. c4 dxc4 15. Bxc4 h5 16. Be3 Qc7 17. Rc1 Ng6 18. Bc5 Bxc5 19. Nxc5 Rd8 20. Ne4 Kf8 21. Bb3 Be8 22. Nd6 Qe7 23. Qe2 Ngxe5 24. Nxe8 Nxf3+ 25. Qxf3 Rxe8 26. Rxe6 Qd7 27. Rd1 Qc8 28. Rxe8+ Qxe8 29. Rd5 Rh6 30. Rf5 Nd8 31. Qf4 Rc6 32. Qb4+ Kg8 33. Qd2 Ne6 34. Rd5 b5 35. Rd6 Rxd6 36. Qxd6 Qc8 37. Kg2 Qb7+ 38. Kh2 Qc8 39. Qb6 1-0

[Event "Titled Tuesday intern op 31st Jan Late"]
[Site "Chess.com INT"]
[Date "2023.01.31"]
[Round "1"]
[White "Sohier, Julien"]
[Black "Richter, Paul"]
[Result "1-0"]
[WhiteElo "2208"]
[BlackElo "2171"]
[PlyCount "109"]
[EventDate "2023.01.31"]
[EventType "swiss (blitz)"]
[EventRounds "11"]
[EventCountry "USA"]
[SourceTitle "CBM 212 Extra"]
[Source "ChessBase"]
[SourceDate "2023.03.31"]
[SourceVersion "1"]
[SourceVersionDate "2023.03.31"]
[SourceQuality "1"]

1. e4 c5 2. Nc3 a6 3. Nf3 b5 4. g3 Bb7 5. Bg2 b4 6. Na4 e6 7. d4 Bxe4 8. Nxc5 Bxc5 9. dxc5 Qa5 10. Qd4 Nf6 11. 0-0 Nc6 12. Qd6 h6 13. Bf4 Qd8 14. Rad1 Bxc2 15. Rc1 Be4 16. Rfe1 Bd5 17. Ne5 Bxg2 18. Kxg2 Rc8 19. Red1 Nxe5 20. Bxe5 Qe7 21. Qxa6 Rc6 22. Qa8+ Qd8 23. Qxc6 dxc6 24. Rxd8+ Kxd8 25. Rc4 Nd5 26. Bxg7 Rh7 27. Be5 f5 28. a3 bxa3 29. bxa3 Ra7 30. a4 Ke8 31. Kh3 Kf7 32. Kh4 Rb7 33. a5 Ra7 34. Ra4 Ra6 35. Kh5 Ne7 36. Kxh6 Ng6 37. Bd6 Kf6 38. f4 Ra8 39. Be5+ Nxe5 40. fxe5+ Kxe5 41. Kg5 Kd5 42. Kf6 Rf8+ 43. Ke7 Ra8 44. a6 e5 45. Kf6 f4 46. gxf4 exf4 47. Rxf4 Rxa6 48. Rf5+ Kd4 49. h4 Ra2 50. h5 Rh2 51. Kg6 Ke4 52. Rg5 Kd4 53. h6 Rh1 54. h7 Rh2 55. Kg7 1-0

[Event "Titled Tuesday intern op 17th Jan Early"]
[Site "Chess.com INT"]
[Date "2023.01.17"]
[Round "1"]
[White "Demin, Vladimir"]
[Black "Sohier, Julien"]
[Result "1-0"]
[WhiteElo "2430"]
[BlackElo "2208"]
[PlyCount "71"]
[EventDate "2023.01.17"]
[EventType "swiss (blitz)"]
[EventRounds "11"]
[EventCountry "USA"]
[SourceTitle "CBM 212 Extra"]
[Source "ChessBase"]
[SourceDate "2023.03.31"]
[SourceVersion "1"]
[SourceVersionDate "2023.03.31"]
[SourceQuality "1"]

1. d4 d5 2. Nc3 Nf6 3. Bf4 c6 4. e3 Bg4 5. f3 Bh5 6. g4 Bg6 7. h4 h5 8. g5 Nfd7 9. Bd3 Bxd3 10. Qxd3 g6 11. e4 e6 12. 0-0-0 a6 13. Be5 Nxe5 14. dxe5 Bg7 15. f4 Nd7 16. Nf3 0-0 17. Qe3 Qc7 18. Rhf1 b5 19. f5 Bxe5 20. exd5 cxd5 21. Nxe5 Qxe5 22. Qxe5 Nxe5 23. Rde1 Nc4 24. b3 Nd6 25. fxe6 fxe6 26. Rxf8+ Rxf8 27. Rxe6 Nf5 28. Rxg6+ Kh7 29. Rxa6 Nxh4 30. Rh6+ Kg7 31. Rxh5 Nf3 32. Nxd5 Kg6 33. Rh6+ Kxg5 34. Rb6 Nd4 35. Nc3 Rf2 36. Ne4+ 1-0

[Event "Titled Tuesday intern op 17th Jan Early"]
[Site "Chess.com INT"]
[Date "2023.01.17"]
[Round "11"]
[White "Gurevich, Dmitry"]
[Black "Sohier, Julien"]
[Result "1-0"]
[WhiteElo "2393"]
[BlackElo "2208"]
[PlyCount "93"]
[EventDate "2023.01.17"]
[EventType "swiss (blitz)"]
[EventRounds "11"]
[EventCountry "USA"]
[SourceTitle "CBM 212 Extra"]
[Source "ChessBase"]
[SourceDate "2023.03.31"]
[SourceVersion "1"]
[SourceVersionDate "2023.03.31"]
[SourceQuality "1"]

1. d4 d5 2. c4 dxc4 3. e4 e5 4. Nf3 exd4 5. Qxd4 Qxd4 6. Nxd4 c6 7. Bxc4 Nf6 8. f3 Nbd7 9. Be3 Bb4+ 10. Kf2 0-0 11. Rd1 Ne5 12. Be2 Rd8 13. a3 Bf8 14. Nc3 Bd7 15. h3 c5 16. Nb3 c4 17. Nd4 Bc5 18. f4 Ng6 19. e5 Ne8 20. Bxc4 a6 21. Ne4 Ba7 22. e6 fxe6 23. Nxe6 Bxe3+ 24. Kxe3 Bxe6 25. Bxe6+ Kf8 26. Nc5 b6 27. Nd7+ Ke7 28. f5 Nf8 29. Nxb6 Rxd1 30. Rxd1 Rb8 31. Nd5+ Kd6 32. b4 Nxe6 33. Nf4+ Ke5 34. Rd5+ Kf6 35. fxe6 g5 36. Nh5+ Kxe6 37. Rxg5 Rc8 38. Nf4+ Kf6 39. Ra5 Rc3+ 40. Kd4 Rc6 41. Nd5+ Ke6 42. Rc5 Rd6 43. Kc4 Kf7 44. Nc7 Nf6 45. Nd5 Ne4 46. Rc7+ Ke6 47. Rxh7 1-0

[Event "Titled Tuesday intern op 17th Jan Early"]
[Site "Chess.com INT"]
[Date "2023.01.17"]
[Round "4"]
[White "Sohier, Julien"]
[Black "Garakov, Mikhael"]
[Result "1-0"]
[WhiteElo "2208"]
[BlackElo "2447"]
[PlyCount "45"]
[EventDate "2023.01.17"]
[EventType "swiss (blitz)"]
[EventRounds "11"]
[EventCountry "USA"]
[SourceTitle "CBM 212 Extra"]
[Source "ChessBase"]
[SourceDate "2023.03.31"]
[SourceVersion "1"]
[SourceVersionDate "2023.03.31"]
[SourceQuality "1"]

1. e4 c5 2. Nc3 a6 3. Nf3 e6 4. g3 Nc6 5. Bg2 b5 6. d4 b4 7. Na4 cxd4 8. Nxd4 Bb7 9. 0-0 Qc7 10. Be3 Ne5 11. b3 Nf6 12. h3 Nxe4 13. Bf4 g5 14. Be3 Bg7 15. Qh5 h6 16. Rfe1 g4 17. Bf4 gxh3 18. Bxe4 h2+ 19. Kxh2 Bxe4 20. Rxe4 d6 21. Nxe6 Qxc2 22. Nxg7+ Kf8 23. Re2 1-0

[Event "Titled Tuesday intern op 17th Jan Early"]
[Site "Chess.com INT"]
[Date "2023.01.17"]
[Round "3"]
[White "Sohier, Julien"]
[Black "Podetti, Davide"]
[Result "1-0"]
[WhiteElo "2208"]
[BlackElo "2291"]
[PlyCount "67"]
[EventDate "2023.01.17"]
[EventType "swiss (blitz)"]
[EventRounds "11"]
[EventCountry "USA"]
[SourceTitle "CBM 212 Extra"]
[Source "ChessBase"]
[SourceDate "2023.03.31"]
[SourceVersion "1"]
[SourceVersionDate "2023.03.31"]
[SourceQuality "1"]

1. e4 e5 2. Nf3 Nc6 3. Bc4 Bc5 4. d3 Nf6 5. 0-0 d6 6. a4 a6 7. Re1 0-0 8. h3 h6 9. c3 Ba7 10. Be3 Be6 11. Nbd2 Qd7 12. b4 Bxe3 13. Rxe3 a5 14. b5 Ne7 15. Qb3 Ng6 16. d4 Bxc4 17. Nxc4 Rfe8 18. Rd1 exd4 19. Rxd4 Qe6 20. b6 c6 21. Rxd6 Qe7 22. e5 Nd5 23. Re1 Ndf4 24. Red1 Nd5 25. R1xd5 cxd5 26. Rxd5 Rac8 27. Rxa5 Nf4 28. Rb5 Qe6 29. Nd6 Qg6 30. Nh4 Qg5 31. Qxf7+ Kh8 32. Qxf4 Qxf4 33. Ng6+ Kh7 34. Nxf4 1-0

[Event "Titled Tuesday intern op 10th Jan Late"]
[Site "Chess.com INT"]
[Date "2023.01.10"]
[Round "4"]
[White "Sohier, Julien"]
[Black "Pein, Jonathan"]
[Result "0-1"]
[WhiteElo "2208"]
[BlackElo "2252"]
[PlyCount "40"]
[EventDate "2023.01.10"]
[EventType "swiss (blitz)"]
[EventRounds "11"]
[EventCountry "USA"]
[SourceTitle "EXT 2024"]
[Source "ChessBase"]
[SourceDate "2023.10.10"]
[SourceVersion "1"]
[SourceVersionDate "2023.10.10"]
[SourceQuality "1"]

1. e4 e5 2. Nf3 d6 3. d4 exd4 4. Nxd4 Nf6 5. Nc3 g6 6. Be3 Bg7 7. f3 0-0 8. Qd2 Nc6 9. 0-0-0 Nxd4 10. Bxd4 Be6 11. h4 c5 12. Be3 Qa5 13. Qxd6 Nxe4 14. fxe4 Bxc3 15. bxc3 Qa3+ 16. Kd2 Rad8 17. Ke1 Rxd6 18. Rxd6 Qxc3+ 19. Bd2 Qg3+ 20. Kd1 Qxd6 0-1

[Event "Titled Tuesday intern op 11th Oct Early"]
[Site "Chess.com INT"]
[Date "2022.10.11"]
[Round "8"]
[White "Aldokhin, Ivan"]
[Black "Sohier, Julien"]
[Result "1-0"]
[WhiteElo "2413"]
[BlackElo "2171"]
[PlyCount "105"]
[EventDate "2022.10.11"]
[EventType "swiss (blitz)"]
[EventRounds "11"]
[EventCountry "USA"]
[SourceTitle "EXT 2024"]
[Source "ChessBase"]
[SourceDate "2023.10.10"]
[SourceVersion "1"]
[SourceVersionDate "2023.10.10"]
[SourceQuality "1"]

1. e4 e5 2. Nf3 Nc6 3. Bb5 a6 4. Ba4 Nf6 5. 0-0 Nxe4 6. Re1 Nc5 7. Bxc6 dxc6 8. Nxe5 Be7 9. b3 0-0 10. Bb2 Bf5 11. d3 Nd7 12. Qf3 Be6 13. Ng4 Bxg4 14. Qxg4 Bf6 15. d4 Re8 16. Nd2 c5 17. Nf3 Rxe1+ 18. Rxe1 cxd4 19. Bxd4 Bxd4 20. Nxd4 Nf6 21. Qf4 Qd7 22. h3 Nd5 23. Qe5 f6 24. Qe4 c6 25. Nf5 g6 26. Ne7+ Nxe7 27. Qxe7 Qxe7 28. Rxe7 Rd8 29. Rxb7 Rd1+ 30. Kh2 Rd2 31. Kg3 Rxc2 32. a4 Rc3+ 33. f3 a5 34. Kf4 h5 35. g4 hxg4 36. hxg4 g5+ 37. Ke4 Kf8 38. f4 gxf4 39. Kxf4 Ke8 40. Kf5 Rg3 41. Ke6 Kd8 42. Rg7 Rxb3 43. Kxf6 Rb4 44. Ke6 Rxa4 45. g5 Rg4 46. Kf5 Rg1 47. Ra7 Ke8 48. Rxa5 Kd7 49. Ra7+ Kd6 50. g6 c5 51. Kf6 c4 52. Ra8 Kd5 53. Ra5+ 1-0

[Event "Titled Tuesday intern op 11th Oct Early"]
[Site "Chess.com INT"]
[Date "2022.10.11"]
[Round "1"]
[White "Sohier, Julien"]
[Black "Maltsevskaya, Aleksandra"]
[Result "0-1"]
[WhiteElo "2171"]
[BlackElo "2389"]
[PlyCount "82"]
[EventDate "2022.10.11"]
[EventType "swiss (blitz)"]
[EventRounds "11"]
[EventCountry "USA"]
[SourceTitle "EXT 2024"]
[Source "ChessBase"]
[SourceDate "2023.10.10"]
[SourceVersion "1"]
[SourceVersionDate "2023.10.10"]
[SourceQuality "1"]

1. e4 c5 2. Nc3 e6 3. Nf3 d5 4. exd5 exd5 5. d4 Nc6 6. Bb5 cxd4 7. Nxd4 Bd7 8. 0-0 Nf6 9. Bg5 Be7 10. Bxf6 Bxf6 11. Re1+ Kf8 12. Nf3 Be6 13. Qd2 a6 14. Ba4 Qa5 15. Bb3 Rd8 16. Rad1 g6 17. Ng5 Bf5 18. Bxd5 Rxd5 19. Qxd5 Qxd5 20. Rxd5 Bxg5 21. g4 Nb4 22. Rde5 Nxc2 23. Re8+ Kg7 24. Rxh8 Nxe1 25. Rb8 Nf3+ 26. Kg2 Bxg4 27. h3 Nh4+ 28. Kg3 Bd7 29. Rxb7 Bc6 30. Rb6 Nf5+ 31. Kg4 f6 32. Rxc6 h5+ 33. Kf3 Nd4+ 34. Ke4 Nxc6 35. Kd5 Ne5 36. Kc5 Nd3+ 37. Kb6 Nxb2 38. Kxa6 Nd3 39. Ne4 Bc1 40. a4 f5 41. Nc3 Nxf2 0-1

[Event "Titled Tuesday intern op 11th Oct Early"]
[Site "Chess.com INT"]
[Date "2022.10.11"]
[Round "2"]
[White "Sohier, Julien"]
[Black "Manukian, Artak"]
[Result "1-0"]
[WhiteElo "2171"]
[BlackElo "2196"]
[PlyCount "91"]
[EventDate "2022.10.11"]
[EventType "swiss (blitz)"]
[EventRounds "11"]
[EventCountry "USA"]
[SourceTitle "EXT 2024"]
[Source "ChessBase"]
[SourceDate "2023.10.10"]
[SourceVersion "1"]
[SourceVersionDate "2023.10.10"]
[SourceQuality "1"]

1. e4 c6 2. Nf3 d5 3. d3 Qc7 4. Nc3 Nf6 5. e5 Nfd7 6. Bf4 e6 7. Qd2 b5 8. a3 a5 9. h4 Ba6 10. Be2 b4 11. axb4 axb4 12. Nd1 c5 13. c3 Nc6 14. d4 c4 15. 0-0 Be7 16. h5 0-0 17. h6 g6 18. Bg5 Nb6 19. Ne3 f5 20. exf6 Bxf6 21. Bxf6 Rxf6 22. Ng4 Rff8 23. Nfe5 Nxe5 24. Nxe5 bxc3 25. bxc3 Nd7 26. f4 Nxe5 27. fxe5 Bb5 28. Rxa8 Rxa8 29. Qf4 Qe7 30. Bg4 Bd7 31. Qf6 Qxf6 32. Rxf6 Ra3 33. Bxe6+ Bxe6 34. Rxe6 Rxc3 35. Re8+ Kf7 36. Rh8 Rd3 37. Rxh7+ Ke6 38. Re7+ Kxe7 39. h7 c3 40. h8Q c2 41. Qf6+ Kd7 42. Qd6+ Ke8 43. Qc6+ Ke7 44. Qxc2 Rxd4 45. Qxg6 Re4 46. Qd6+ 1-0

[Event "Titled Tuesday intern op 04th Oct Late"]
[Site "Chess.com INT"]
[Date "2022.10.04"]
[Round "2"]
[White "Ahn, Hongjin"]
[Black "Sohier, Julien"]
[Result "0-1"]
[WhiteElo "2282"]
[BlackElo "2171"]
[PlyCount "42"]
[EventDate "2022.10.04"]
[EventType "swiss (blitz)"]
[EventRounds "11"]
[EventCountry "USA"]
[SourceTitle "EXT 2023"]
[Source "ChessBase"]
[SourceDate "2022.10.05"]
[SourceVersion "1"]
[SourceVersionDate "2022.10.05"]
[SourceQuality "1"]

1. d4 d5 2. c4 c6 3. Nf3 Nf6 4. Bg5 Ne4 5. Bf4 Qb6 6. Qc1 Bf5 7. Nc3 e6 8. e3 Nd7 9. Nh4 Bg6 10. Nxg6 hxg6 11. Nxe4 dxe4 12. c5 Qd8 13. Qc2 f5 14. Bc4 g5 15. Bg3 Qf6 16. 0-0-0 f4 17. Qxe4 fxg3 18. Bxe6 Rxh2 19. Rxh2 gxh2 20. d5 Nxc5 21. Qb4 Nd3+ 0-1

[Event "Titled Tuesday intern op 04th Oct Late"]
[Site "Chess.com INT"]
[Date "2022.10.04"]
[Round "3"]
[White "Sohier, Julien"]
[Black "Ghasi, Ameet K"]
[Result "0-1"]
[WhiteElo "2171"]
[BlackElo "2471"]
[PlyCount "144"]
[EventDate "2022.10.04"]
[EventType "swiss (blitz)"]
[EventRounds "11"]
[EventCountry "USA"]
[SourceTitle "EXT 2023"]
[Source "ChessBase"]
[SourceDate "2022.10.05"]
[SourceVersion "1"]
[SourceVersionDate "2022.10.05"]
[SourceQuality "1"]

1. e4 g6 2. d4 Bg7 3. Nc3 d6 4. Be3 a6 5. Qd2 b5 6. 0-0-0 Bb7 7. h4 h6 8. h5 g5 9. f4 gxf4 10. Bxf4 Nf6 11. Bd3 b4 12. Nd5 Nxd5 13. exd5 Bxd5 14. Qxb4 Nc6 15. Qa4 Qd7 16. Nf3 Bxf3 17. gxf3 Nxd4 18. Qa5 Rb8 19. c3 Ne6 20. Be3 Qc6 21. Rhg1 Bf6 22. Qxa6 Qxf3 23. Qa7 Ra8 24. Bb5+ Kf8 25. Rdf1 Qe4 26. Bd3 Qd5 27. Bc4 Qc6 28. Bb5 Rxa7 29. Bxc6 Rxa2 30. Kb1 Ra6 31. Bb5 Ra5 32. Bc6 Bg5 33. Bf2 Kg7 34. b4 Rf5 35. Bd4+ Nxd4 36. cxd4 Rxf1+ 37. Rxf1 e6 38. b5 Rb8 39. Kc2 Bf6 40. Kd3 Bg5 41. Ke4 f5+ 42. Kd3 Kf6 43. Re1 e5 44. dxe5+ dxe5 45. Kc4 e4 46. Kd5 Rd8+ 47. Kc5 Bh4 48. Re2 Ke5 49. Ra2 Be7+ 50. Kc4 Rd4+ 51. Kc3 Bc5 52. Rg2 Rd3+ 53. Kc2 f4 54. Rg8 Rd4 55. Re8+ Kf5 56. Rc8 f3 57. Rxc7 f2 58. Rf7+ Ke5 59. Rxf2 Rc4+ 60. Kb3 Rb4+ 61. Kc3 Rb1 62. Rf7 Bd4+ 63. Kc4 Rc1+ 64. Kb3 Rc3+ 65. Kb4 e3 66. Re7+ Kd6 67. Re4 Rd3 68. Kc4 Rd2 69. Rxd4+ Rxd4+ 70. Kxd4 e2 71. Be4 e1Q 72. b6 Qg1+ 0-1

[Event "Titled Tuesday intern op 13th Sep Early"]
[Site "Chess.com INT"]
[Date "2022.09.13"]
[Round "7"]
[White "Baches Garcia, Guillermo"]
[Black "Sohier, Julien"]
[Result "0-1"]
[WhiteElo "2326"]
[BlackElo "2171"]
[PlyCount "126"]
[EventDate "2022.09.13"]
[EventType "swiss (blitz)"]
[EventRounds "11"]
[EventCountry "USA"]
[SourceTitle "EXT 2023"]
[Source "ChessBase"]
[SourceDate "2022.10.05"]
[SourceVersion "1"]
[SourceVersionDate "2022.10.05"]
[SourceQuality "1"]

1. e4 e5 2. Nf3 Nc6 3. Bc4 Bc5 4. c3 Nf6 5. d4 exd4 6. cxd4 Bb4+ 7. Nbd2 d5 8. exd5 Nxd5 9. 0-0 0-0 10. a3 Be7 11. h3 Nb6 12. Ba2 Nxd4 13. Nxd4 Qxd4 14. Qe2 Bf6 15. Nf3 Qa4 16. Bg5 Re8 17. Qd2 Be6 18. Bxf6 gxf6 19. Bb1 Kg7 20. b4 Qd7 21. Qf4 Nd5 22. Qh4 f5 23. Rd1 Qe7 24. Qg3+ Kh8 25. Ba2 c6 26. Nd4 Qf6 27. Bxd5 Bxd5 28. f3 Rg8 29. Qf4 Rae8 30. Rd2 Qe5 31. Qxe5+ Rxe5 32. Kf2 Rge8 33. Rad1 f4 34. a4 a6 35. b5 axb5 36. axb5 c5 37. Ne2 Bc4 38. Nxf4 b6 39. g4 Bxb5 40. Rb1 c4 41. Rb4 c3 42. Rc2 Rc5 43. Ng2 Rd8 44. Ke1 Re5+ 45. Re4 Rxe4+ 46. fxe4 Rc8 47. Ne3 Ba4 48. Rc1 b5 49. Nd5 c2 50. Nb4 Rc4 51. Nd3 Rxe4+ 52. Kd2 Rc4 53. g5 b4 54. h4 Bb5 55. Nb2 Rc5 56. Ke3 b3 57. Kd4 Rc7 58. Ra1 c1Q 59. Rxc1 Rxc1 60. Ke5 Rc2 61. Kf6 Rxb2 62. h5 Rf2+ 63. Ke7 b2 0-1

[Event "Titled Tuesday intern op 13th Sep Early"]
[Site "Chess.com INT"]
[Date "2022.09.13"]
[Round "8"]
[White "Devaev, Alexander"]
[Black "Sohier, Julien"]
[Result "0-1"]
[WhiteElo "2325"]
[BlackElo "2171"]
[PlyCount "98"]
[EventDate "2022.09.13"]
[EventType "swiss (blitz)"]
[EventRounds "11"]
[EventCountry "USA"]
[SourceTitle "EXT 2023"]
[Source "ChessBase"]
[SourceDate "2022.10.05"]
[SourceVersion "1"]
[SourceVersionDate "2022.10.05"]
[SourceQuality "1"]

1. d4 d5 2. Nf3 Nf6 3. c4 c6 4. Qc2 dxc4 5. Qxc4 Bg4 6. Nbd2 Nbd7 7. e3 e6 8. Bd3 Be7 9. 0-0 0-0 10. Qc2 h6 11. Ne5 Nxe5 12. dxe5 Nd5 13. a3 Qc7 14. h3 Bh5 15. Nc4 b5 16. Nd2 Qxe5 17. Qxc6 Bd6 18. g3 Nxe3 19. Re1 Qd5 20. Qxd5 Nxd5 21. Bxb5 Rab8 22. Bd3 Rfd8 23. Nc4 Bc7 24. Be4 Nb6 25. Nxb6 Bxb6 26. g4 Bg6 27. Bxg6 fxg6 28. Re2 Rbc8 29. Bf4 g5 30. Be5 Kf7 31. Kg2 Rd5 32. Rae1 Rc6 33. Bc3 Bd4 34. Bb4 a5 35. Bd2 Bxb2 36. Bxg5 Bc3 37. Be3 Bxe1 38. Rxe1 Rc4 39. Rb1 a4 40. Rb7+ Kg6 41. Rb6 Kf7 42. Rb7+ Kf6 43. Kf3 g6 44. Rb6 h5 45. g5+ Kf5 46. Kg3 Rc3 47. Rb7 Rxa3 48. Rf7+ Ke4 49. Rf6 Rxe3+ 0-1

[Event "Titled Tuesday intern op 13th Sep Early"]
[Site "Chess.com INT"]
[Date "2022.09.13"]
[Round "4"]
[White "Przybylski, Wojciech"]
[Black "Sohier, Julien"]
[Result "1-0"]
[WhiteElo "2321"]
[BlackElo "2171"]
[PlyCount "33"]
[EventDate "2022.09.13"]
[EventType "swiss (blitz)"]
[EventRounds "11"]
[EventCountry "USA"]
[SourceTitle "EXT 2023"]
[Source "ChessBase"]
[SourceDate "2022.10.05"]
[SourceVersion "1"]
[SourceVersionDate "2022.10.05"]
[SourceQuality "1"]

1. e4 e5 2. Nf3 Nc6 3. d4 exd4 4. Nxd4 Nf6 5. Nxc6 bxc6 6. e5 Qe7 7. Qe2 Nd5 8. c4 Ba6 9. b3 g6 10. f4 d6 11. Qf2 Nf6 12. Bb2 dxe5 13. fxe5 Ng4 14. Qf4 Bg7 15. Qxg4 Bxe5 16. Bxe5 Qxe5+ 17. Qe2 1-0

[Event "Titled Tuesday intern op 13th Sep Early"]
[Site "Chess.com INT"]
[Date "2022.09.13"]
[Round "6"]
[White "Sohier, Julien"]
[Black "Akinseye, Akinleye"]
[Result "1-0"]
[WhiteElo "2171"]
[BlackElo "1797"]
[PlyCount "145"]
[EventDate "2022.09.13"]
[EventType "swiss (blitz)"]
[EventRounds "11"]
[EventCountry "USA"]
[SourceTitle "EXT 2023"]
[Source "ChessBase"]
[SourceDate "2022.10.05"]
[SourceVersion "1"]
[SourceVersionDate "2022.10.05"]
[SourceQuality "1"]

1. e4 d5 2. exd5 Qxd5 3. Nc3 Qd6 4. d4 Nf6 5. Nf3 g6 6. g3 Bg7 7. Bf4 Qd8 8. Bg2 0-0 9. 0-0 c6 10. h3 Na6 11. Re1 Nc7 12. Be5 Be6 13. Ng5 h6 14. Bxc7 Qxc7 15. Nxe6 fxe6 16. Rxe6 Nd5 17. Nxd5 cxd5 18. Bxd5 Kh7 19. Be4 Rf6 20. Rxf6 exf6 21. c3 f5 22. Bg2 Re8 23. Qd2 Qe7 24. Kf1 b6 25. Re1 Qxe1+ 26. Qxe1 Rxe1+ 27. Kxe1 Kg8 28. Ke2 Kf7 29. Kd3 Ke6 30. Kc4 Kd6 31. Kb5 Kc7 32. Ka6 Kb8 33. Bd5 g5 34. f3 Bf8 35. g4 fxg4 36. hxg4 Bg7 37. a4 Bf6 38. Kb5 Kc7 39. a5 Bg7 40. a6 Bf6 41. Kc4 Kd6 42. Bb7 Bg7 43. Kd3 Bf8 44. Ke4 Ke6 45. Bc8+ Kd6 46. Kf5 Kc7 47. Bb7 Bd6 48. Kg6 Bf4 49. b3 Kd6 50. Kxh6 Ke6 51. Kg6 Bd2 52. c4 Be3 53. Bd5+ Kd6 54. Be4 Bf4 55. b4 Bd2 56. c5+ bxc5 57. dxc5+ Kc7 58. b5 Be3 59. b6+ axb6 60. a7 bxc5 61. a8Q Kd6 62. Qd5+ Kc7 63. Kf7 Kb6 64. Qc6+ Ka5 65. Ke6 Kb4 66. Bd5 Kc3 67. Ke5 Kd2 68. Ke4 Ke2 69. Qb5+ Kf2 70. Qd3 Kg3 71. Qxe3 c4 72. Qg1+ Kh4 73. Qh2# 1-0

[Event "Titled Tuesday intern op 13th Sep Early"]
[Site "Chess.com INT"]
[Date "2022.09.13"]
[Round "2"]
[White "Sohier, Julien"]
[Black "Bilan, Danila"]
[Result "0-1"]
[WhiteElo "2171"]
[BlackElo "2303"]
[PlyCount "44"]
[EventDate "2022.09.13"]
[EventType "swiss (blitz)"]
[EventRounds "11"]
[EventCountry "USA"]
[SourceTitle "EXT 2023"]
[Source "ChessBase"]
[SourceDate "2022.10.05"]
[SourceVersion "1"]
[SourceVersionDate "2022.10.05"]
[SourceQuality "1"]

1. e4 c6 2. Nf3 d5 3. d3 Bg4 4. h3 Bxf3 5. Qxf3 e6 6. Nc3 Nd7 7. g4 g6 8. h4 Bg7 9. h5 Ngf6 10. hxg6 hxg6 11. Rxh8+ Bxh8 12. g5 Nh5 13. Qg2 Qc7 14. Be2 Nf4 15. Qh1 0-0-0 16. Bf3 Be5 17. Bd2 Rh8 18. Qg1 Rh2 19. exd5 cxd5 20. Nb5 Qxc2 21. d4 Nd3+ 22. Ke2 Bf4 0-1

[Event "Titled Tuesday intern op 13th Sep Early"]
[Site "Chess.com INT"]
[Date "2022.09.13"]
[Round "3"]
[White "Sohier, Julien"]
[Black "Namitbir, Singh Walia"]
[Result "1-0"]
[WhiteElo "2171"]
[BlackElo "2339"]
[PlyCount "139"]
[EventDate "2022.09.13"]
[EventType "swiss (blitz)"]
[EventRounds "11"]
[EventCountry "USA"]
[SourceTitle "EXT 2023"]
[Source "ChessBase"]
[SourceDate "2022.10.05"]
[SourceVersion "1"]
[SourceVersionDate "2022.10.05"]
[SourceQuality "1"]

1. e4 c5 2. Nc3 Nc6 3. Bb5 Nd4 4. Nf3 Nxb5 5. Nxb5 g6 6. d4 Qa5+ 7. Nc3 Bg7 8. 0-0 cxd4 9. Nxd4 Nf6 10. Bd2 0-0 11. Nd5 Qd8 12. Nxf6+ Bxf6 13. Bh6 Re8 14. c4 d6 15. Qd2 Bd7 16. Rad1 Rc8 17. b3 Qb6 18. Be3 Qc7 19. f4 a6 20. f5 b5 21. fxg6 hxg6 22. Rc1 bxc4 23. Rxc4 Qb7 24. Bg5 Bxg5 25. Qxg5 Rxc4 26. bxc4 Qxe4 27. Nf3 Qxc4 28. Qh6 Bb5 29. Re1 Qc5+ 30. Kh1 Qh5 31. Qf4 e5 32. Qf6 Qf5 33. Qxd6 e4 34. Nd4 Qf2 35. Rg1 e3 36. Nxb5 axb5 37. Qd7 Re6 38. Qd8+ Kh7 39. Qd4 Qxg1+ 40. Kxg1 e2 41. Qh4+ Kg7 42. Qe1 f5 43. Kf2 Kf7 44. g3 g5 45. h3 Kg6 46. a3 Re7 47. h4 gxh4 48. gxh4 Kh5 49. Kf3 Re4 50. Kf2 Re5 51. Kf3 Re4 52. Kf2 Re7 53. Kg3 Re4 54. Kf3 Re5 55. Kf4 Re4+ 56. Kxf5 Re3 57. Kf4 Re7 58. Kf3 Re6 59. Qxe2 Rxe2 60. Kxe2 Kxh4 61. Kd3 Kh5 62. Kc3 Kg6 63. Kb4 Kf7 64. Kxb5 Ke8 65. Kb6 Kd8 66. Kb7 Kd7 67. a4 Kd6 68. a5 Kc5 69. a6 Kb5 70. a7 1-0